000 00297nam a2200121Ia 4500
008 191201s2006 xx 000 0 und d
100 _aSILBERSCHATZ, Abraham
245 0 _aDatabase system Concepts
260 _aN. delhi
_bTMH
_c2006
300 _a1142
650 _aB.Tech(IT)
942 _2ddc
_cBK
_024
999 _c6383
_d6383